000
00315nam a22001457a 4500
003
SGT
082
_a
615.83
_b
KAL
100
_a
KALRA, SHEETAL
245
_a
A STUDY OF PHYSICAL FITNESS
260
_a
GURUGRAM
_b
SGT UNIVERSITY
_c
2022
300
_a
142
650
_a
PHYSIOTHERAPY
653
_a
PHD
942
_2
ddc
_c
TH
999
_c
26652
_d
26652